01182nam a2200265Ia 450000100060000000300090000600800410001504000130005604000130006904100130008210000170009510000290011224000690014124000350021024500560024524500560030125000110035726000100036826000120037826000490039030000570043950003480049665000410084465000310088594184IT-RoPAU130308s9999 xx 000 0 und d aIT-RoPAU cIT-RoPAU aSPAGNOLO aHancock Alan gCodice Aut. SPICS: 32958 aCOMMUNICATION PLANNING FOR DEVELOPMENT: AN OPERATIONAL FRAMEWORK gCodice Tit. Orig. Spics: T2262 aPlanificacion de la comunicacion para el desarrollo bPlanificacion de la comunicacion Para El Desarrollo a1a ed. aQUITO bCiespal c1981 [1° Ed.:1981 - Ed.Ling.Originale:1976] a"224 p. (prefazione: no ; testo: 224 [pagine: 0-0])" aPianificazione della Comunicazione per Lo Sviluppo Nascita Principi ed Esperienze della Pianificazione Studio di Pianificazione in Tailandia e Afganistan Cornice Operativa per la Pianificazione della Comunicazione Disegno Globale Elaborazione e Applicazione del piano degli Studi Apertura del Processo della Pianificazione grafici Illustrativi aPOLITICA DELLA COMUNICAZIONE SOCIALE eCodice materia Spics: 3803